000 00219nam a2200097Ia 4500
008 190216s9999||||xx |||||||||||||| ||und||
100 _aMahajan.V.D
245 0 _aEngland Since 1485
260 _bS Chand & Co
942 _cBK
999 _c19165
_d19165